000 00809nam a2200205 a 4500
008 060316s2001 ||||||||||||||||| || u
020 _a0521650070
020 _a0521011736
050 _aT 57.62 Mat
100 _aCumberbatch, Ellis
245 1 0 _aMathematical modeling : case studies from industry
_cedited Ellis Cumberbatch
260 _aCambridge :
_bCambridge University Press
_c2001
300 _axv, 299 p. : ill.
350 _a0.00
500 _aIncludes bibliographical references
650 _aMATHEMATICAL MODELS - INDUSTRIAL APPLICATIONS
700 _aFitt, Alistair
856 _uhttp://www.loc.gov/catdir/toc/cam022/00054672.html
995 _D0.00
_FCBU-MAIN LIBRARY (Kitwe)
_H1
_I20.00
_M1
_UAVAILABLE
_ZMain Library Open Access Collection
999 _c50670
_d50670